The La Liga Quiz - Statistics

General Stats
  • This quiz has been taken 28 times
  • The average score is 7 of 10
Answer Stats
Hint Answer % Correct
Which team has won the most La Liga titles? Real Madrid
100%
Which team won the 22/23 La Liga? Barcelona
96%
Which La Liga team won three Champions Leagues in a row in 2018? Real Madrid
96%
Who is La Liga's all time top scorer? Lionel Messi
92%
Which La Liga team has won the most Champions Leagues? Real Madrid
92%
Which La Liga clubs have never been relegated? Real Madrid | Barcelona | Athletic Club
88%
Who has won the most La Liga Golden Boots? Lionel Messi
81%
Which club won the 99/00 La Liga? Deportivo de La Coruña
27%
Who is La Liga's record transfer? Neymar Jr
23%
Who has won the most La Liga Golden Gloves? Victor Valdes
8%
No matching quizzes found
Score Distribution
Percent of People with Each Score
Percentile by Number Answered
Your Score History
You have not taken this quiz